| 000 | 01183cam a2200337 a 4500 | ||
|---|---|---|---|
| 008 | |||
| 020 | _a9781437714173 (hardback) | ||
| 040 |
_aNUST _cNUST |
||
| 049 | _aMAIN | ||
| 090 |
_aRC691.6.U47 _bPEL |
||
| 100 | 1 |
_aPellerito, John S., _aauthor. |
|
| 245 | 0 | 0 |
_aIntroduction to vascular ultrasonography. / _cJohn S. Pellerito ; Joseph F. Polak. |
| 250 | _aSixth edition. | ||
| 260 |
_aPhiladelphia, PA : _bElsevier/Saunders, _cc2012. |
||
| 300 |
_axviii, 684 pages : _billustrations (some coloured) ; _c27 cm. |
||
| 336 |
_atext _btxt _2rdacontent |
||
| 337 |
_aumediated _bn _2rdamedia |
||
| 338 |
_avolume _bnc _2rdacarrier |
||
| 500 | _aIncludes index. | ||
| 504 | _aIncludes bibliographical references. | ||
| 650 | 0 |
_aBlood-vessels _xUltrasonic imaging. |
|
| 650 | 0 |
_aBlood-vessels _xDiseases _xDiagnosis. |
|
| 650 | 0 |
_aBlood-vessels _xDiseases _xUltrasonography. |
|
| 650 | 1 | 2 |
_aVascular Diseases _xultrasonography. |
| 650 | 2 | 2 |
_aBlood Vessels _xultrasonography. |
| 700 | 1 |
_aPolak, Joseph F., _aauthor. |
|
| 907 |
_a.b10364250 _b08-03-22 _c29-10-15 |
||
| 003 | |||
| 005 | 20230120204347.0 | ||
| 942 |
_cBOOKS _kRC691.6.U47 _mPEL |
||
| 999 |
_c121844 _d121844 |
||